| 000 | 00374nam a2200121Ia 4500 | ||
|---|---|---|---|
| 008 | 250110s9999 xx 000 0 und d | ||
| 041 | _aeng | ||
| 100 |
_aNandurkar Priyanka. _9183186 |
||
| 245 | _aDesign Framework For Sustainable Swm For Bharuch. | ||
| 260 |
_bBnca M Arch Environment Architecture., Pune _c2018 |
||
| 300 | _a109p | ||
| 700 | _aGuide Name: Kulkarni Prajakta | ||
| 999 |
_c364256 _d364256 |
||